Search the Library Catalogue
| 000 -LEADER | |
|---|---|
| fixed length control field | 00506nam a2200193Ia 4500 |
| 008 - FIXED-LENGTH DATA ELEMENTS--GENERAL INFORMATION | |
| fixed length control field | 210417s9999 xx 000 0 und d |
| 020 ## - INTERNATIONAL STANDARD BOOK NUMBER | |
| International Standard Book Number | 9781632382436 |
| -- | 1632382431 |
| 082 ## - DEWEY DECIMAL CLASSIFICATION NUMBER | |
| Classification number | 333.79 THO.2 |
| Item number | 22.333.79 THO.0.2 |
| 245 #0 - TITLE STATEMENT | |
| Title | Handbook of energy : Volume II |
| Statement of responsibility, etc. | Handbook of energy Volume II |
| 250 ## - EDITION STATEMENT | |
| Remainder of edition statement | "vi, 204p. 28cm. hbk." |
| 260 ## - PUBLICATION, DISTRIBUTION, ETC. | |
| Place of publication, distribution, etc. | New York |
| Name of publisher, distributor, etc. | NY Research Press |
| Date of publication, distribution, etc. | 2015 |
| 700 ## - ADDED ENTRY--PERSONAL NAME | |
| Personal name | "Thomson, George" |
| Numeration | George Thomson |
| Withdrawn status | Lost status | Damaged status | Not for loan | Home library | Current library | Date acquired | Total Checkouts | Barcode | Date last seen | Price effective from | Koha item type |
|---|---|---|---|---|---|---|---|---|---|---|---|
| Anna Centenary Library | Anna Centenary Library | 17.04.2021 | 603904 | 17.04.2021 | 17.04.2021 | Books |